000 00783nam a2200253Ia 4500
001 dia_1524
003 CHAP
005 20251021153342.0
008 220117s1974 xx 000 0 und d
010 _a172066
040 _cCHAP
082 _a621.4021 T44
100 _aThiem, Martin
_9150929
240 _aTermotecnia
245 _aTermotecnia /
_c por Martin, Thiem
260 _aBilbao, España, Urmo,S.A
_c1974
300 _a280 p
400 _aMANUAL DEL IMGENIERO TECNICO VOL. 20
600 _aTermodinámica. \ 2. Calor. \3. Máquinas Térmicas. \4. Termometros y Termometria L. Medina Salanova, Francisco J. II.t
_9150930
901 _a621.4021 T44
902 _aM
905 _a0000001974 MEXx 0000000000ESP00
942 _cLIBRO
_2ddc
999 _c172066
_d172066